000 00389nam a2200145 i 4500
001 bg
100 1 _aJĘDRZEJCZYK-JANIK, Ewa
245 0 _aZbiór zadań z zastosowań matematyki /
_cEwa Jędrzejczyk-Janik, Małgorzata Prube.
260 _aKielce,
_c1973.
700 1 _aPRUBE, Małgorzata
040 _cBPK
041 _apol
942 _cKS
008 s pl f |000 0 pol
999 _c25978
_d25978
856 _uhttp://koha.tu.koszalin.pl/cgi-bin/koha/opac-detail.pl?biblionumber=25978
_yKatalog online BPK